Foundations of Electromagnetic Theory (Record no. 24143)

000 -LEADER
fixed length control field 00386nam a22001577a 4500
003 - CONTROL NUMBER IDENTIFIER
control field NUST
005 - DATE AND TIME OF LATEST TRANSACTION
control field 20230524120210.0
008 - FIXED-LENGTH DATA ELEMENTS--GENERAL INFORMATION
fixed length control field 140508b xxu||||| |||| 00| 0 eng d
020 ## - INTERNATIONAL STANDARD BOOK NUMBER
Terms of availability Available
082 ## - DEWEY DECIMAL CLASSIFICATION NUMBER
Classification number 530.141
Author Mark REI
245 ## - TITLE STATEMENT
Title Foundations of Electromagnetic Theory
Statement of responsibility, etc. Reitz,John R
250 ## - EDITION STATEMENT
Edition statement 3rd ed.
260 ## - PUBLICATION, DISTRIBUTION, ETC.
Place of publication, distribution, etc. New Delhi
Name of publisher, distributor, etc. Narosa
Date of publication, distribution, etc. 1986
300 ## - PHYSICAL DESCRIPTION
Extent 542p
942 ## - ADDED ENTRY ELEMENTS (KOHA)
Source of classification or shelving scheme
Koha item type Book
Holdings
Withdrawn status Lost status Source of classification or shelving scheme Damaged status Not for loan Permanent Location Current Location Shelving location Date acquired Total Checkouts Full call number Barcode Date last seen Price effective from Koha item type Date last checked out
          Central Library (CL) Central Library (CL) General Stacks 05/08/2014 3 530.141 REI RCMS000750 10/30/2024 05/08/2014 Book 08/22/2024
          School of Interdisciplinary Engineering and Sciences (SINES) School of Interdisciplinary Engineering and Sciences (SINES) General Stacks 05/08/2014   537.1REI RCMS000749 05/08/2014 05/08/2014 Book  
          School of Interdisciplinary Engineering and Sciences (SINES) School of Interdisciplinary Engineering and Sciences (SINES) General Stacks 05/08/2014   537.1REI RCMS000751 05/08/2014 05/08/2014 Book  
© 2023 Central Library, National University of Sciences and Technology. All Rights Reserved.